El Origen de la Vida : Evlolución Química y Evolución Biológica (Registro nro. 14270)

Detalles MARC
000 -LÍDER
fixed length control field 00519nam a2200181 4500
008 - ELEMENTOS DE LONGITUD FIJA -- INFORMACIÓN GENERAL
fixed length control field 0 1995 0a 000 0MEX
020 ## - NÚMERO INTERNACIONAL NORMALIZADO PARA LIBROS
ISBN 968-24-3371-1
050 ## - SIGNATURA TOPOGRAFICA DE LA BIBLIOTECA DEL CONGRESO (LC)
Número de Clasificación QH325 L39
082 ## - NUMERO DE CLASIFICACION DECIMAL DEWEY
Número de Clasificación 577 L145o
100 ## - ASIENTO PRINCIPAL--NOMBRE PERSONAL
Nombre personal Lazcano, Araujo Antonio
245 ## - TÍTULO
Título El Origen de la Vida : Evlolución Química y Evolución Biológica
250 ## - MENCIÓN DE EDICIÓN
Mención de edición 4
260 ## - PUBLICACIÓN, DISTRIBUCIÓN, ETC. (PIE DE IMPRENTA)
Lugar de publicación, distribución, etc. México : Trillas
300 ## - DESCRIPCIÓN FÍSICA
Extensión 107 p. / 23cm
440 ## -
-- Serie Concepciones
500 ## - NOTA GENERAL
Nota general Incluye Glosario y Bibliografía
650 ## - ASIENTO SECUNDARIO DE MATERIA - TERMINO TEMÁTICO
Término temático o nombre geográfico como elemento de entrada 1. VIDA - ORIGEN
Existencias
No. biblioteca No. biblioteca Número de clasificación Código de barras/Número de adquisición Número de copia Tipo de material
LUIS G. INCLAN LUIS G. INCLAN 577 L145o 27155 1 Libros
Calzada Tecnológico # 27, Zacatepec, Morelos.
01(734) 343-07-23 / 343-21-10 / 343-21-11
Apdo. Postal 45 C.P 62780